Sruchan rang aur rekhayein (dalit vimarsh)/ (Record no. 60805)

000 -LEADER
fixed length control field 00394 a2200157 4500
020 ## - INTERNATIONAL STANDARD BOOK NUMBER
ISBN 9789385389146
082 ## - DEWEY DECIMAL CLASSIFICATION NUMBER
Classification number H4
Item number SAN/S
100 ## - MAIN ENTRY--AUTHOR NAME
Personal name Sanjay Navle
245 ## - TITLE STATEMENT
Title Sruchan rang aur rekhayein (dalit vimarsh)/
Statement of responsibility, etc by Sanjay Navle
260 ## - PUBLICATION, DISTRIBUTION, ETC. (IMPRINT)
Name of publisher Aman Prakasan,
Place of publication Kanpur:
Year of publication 2015.
300 ## - PHYSICAL DESCRIPTION
Number of Pages 192p.
650 ## - SUBJECT ADDED ENTRY--TOPICAL TERM
Topical Term Essays Hindi
650 ## - SUBJECT ADDED ENTRY--TOPICAL TERM
Topical Term Literature Hindi
650 ## - SUBJECT ADDED ENTRY--TOPICAL TERM
Topical Term Literature
942 ## - ADDED ENTRY ELEMENTS (KOHA)
Koha item type Book
Holdings
Withdrawn status Lost status Damaged status Not for loan Permanent Location Current Location Shelving location Date acquired Cost, normal purchase price Full call number Accession Number Price effective from Koha item type
        Sree Sankaracharya University of Sanskrit Sree Sankaracharya University of Sanskrit Stacks 03.11.2016 400.00 H4 SAN/S 082608 03.11.2016 Book